[Event "Novosibirsk Sukharev Memorial op"]
[Site "Novosibirsk"]
[Date "2009.07.26"]
[Round "9"]
[White "Polyakevich, Stanislav Georgievi"]
[Black "Reshetnikov, Vasily"]
[Result "1-0"]
[WhiteElo "2311"]
[BlackElo "2127"]
[PlyCount "133"]
[EventDate "2009.07.18"]
[EventType "swiss"]
[EventRounds "9"]
[EventCountry "RUS"]
[SourceTitle "CBM 131 Extra"]
[Source "ChessBase"]
[SourceDate "2009.09.03"]
[SourceVersion "2"]
[SourceVersionDate "2009.09.16"]
[SourceQuality "1"]

1. d4 Nf6 2. c4 g6 3. Nc3 d5 4. cxd5 Nxd5 5. e4 Nxc3 6. bxc3 Bg7 7. Bc4 c5 8. Be3 0-0 9. Ne2 Nc6 10. 0-0 Qc7 11. Rc1 Rd8 12. Bf4 Qd7 13. dxc5 Qe8 14. Qc2 Bd7 15. Rfd1 Na5 16. Bb3 Rdc8 17. Be3 Nxb3 18. axb3 a5 19. c4 a4 20. Nc3 axb3 21. Qxb3 Bxc3 22. Qxc3 Bc6 23. f3 Ra2 24. Qe5 Rd8 25. Bh6 Rxd1+ 26. Rxd1 f6 27. Qe6+ Kh8 28. e5 Re2 29. Bf4 Kg7 30. Kf1 Ra2 31. Re1 Ra8 32. exf6+ exf6 33. Qd6 Qf8 34. Re7+ Kg8 35. Qe6+ Kh8 36. Rf7 Ra1+ 37. Ke2 Ra2+ 38. Kd3 Qd8+ 39. Bd6 Ra8 40. Rxf6 Qd7 41. Qxd7 Bxd7 42. Rf7 Bc6 43. Be5+ Kg8 44. Rg7+ Kf8 45. Rxh7 Ra2 46. g4 Bxf3 47. Ke3 Bc6 48. h4 Rc2 49. Kf4 Re2 50. Bd6+ Kg8 51. Rc7 Rg2 52. Be5 Rf2+ 53. Kg5 Be4 54. Rg7+ Kf8 55. Rxg6 Bxg6 56. Kxg6 Rc2 57. h5 Rxc4 58. g5 Rh4 59. h6 Kg8 60. Kf5 Kh7 61. Bf4 Rh5 62. Be3 Kg8 63. Ke4 Rh2 64. g6 Kf8 65. h7 Kg7 66. Bd4+ Kxg6 67. h8Q 1-0

[Event "Novosibirsk Sukharev Memorial op"]
[Site "Novosibirsk"]
[Date "2009.07.25"]
[Round "8"]
[White "Reshetnikov, Vasily"]
[Black "Pakhomov, Egor"]
[Result "0-1"]
[WhiteElo "2127"]
[BlackElo "2342"]
[PlyCount "90"]
[EventDate "2009.07.18"]
[EventType "swiss"]
[EventRounds "9"]
[EventCountry "RUS"]
[SourceTitle "CBM 131 Extra"]
[Source "ChessBase"]
[SourceDate "2009.09.03"]
[SourceVersion "2"]
[SourceVersionDate "2009.09.16"]
[SourceQuality "1"]

1. d4 Nf6 2. c4 g6 3. Nc3 Bg7 4. e4 d6 5. Nf3 0-0 6. h3 c5 7. d5 e6 8. Bd3 exd5 9. exd5 Re8+ 10. Be3 Bf5 11. 0-0 Ne4 12. Nxe4 Bxe4 13. Bxe4 Rxe4 14. Qc2 Re8 15. Rae1 Nd7 16. b3 Ne5 17. Nxe5 Bxe5 18. f4 Bg7 19. Kh2 Qh4 20. Bd2 Qf6 21. Rf3 Rxe1 22. Bxe1 Re8 23. Bc3 Qe7 24. Bxg7 Kxg7 25. Qd2 Qe1 26. Qxe1 Rxe1 27. Kg3 Kf6 28. Rf2 a6 29. Kf3 b5 30. Rc2 Rf1+ 31. Ke4 h5 32. h4 Re1+ 33. Kf3 Kf5 34. g3 b4 35. Kf2 Re4 36. Kf3 a5 37. Rd2 Re1 38. Rc2 Rd1 39. Re2 Rd3+ 40. Re3 Rxe3+ 41. Kxe3 Kg4 42. Kf2 Kh3 43. Kf3 f5 44. Kf2 Kh2 45. Kf3 Kg1 0-1

[Event "Novosibirsk Sukharev Memorial op"]
[Site "Novosibirsk"]
[Date "2009.07.23"]
[Round "6"]
[White "Reshetnikov, Vasily"]
[Black "Okladnikov, Gennady"]
[Result "1-0"]
[WhiteElo "2127"]
[BlackElo "2194"]
[PlyCount "87"]
[EventDate "2009.07.18"]
[EventType "swiss"]
[EventRounds "9"]
[EventCountry "RUS"]
[SourceTitle "CBM 131 Extra"]
[Source "ChessBase"]
[SourceDate "2009.09.03"]
[SourceVersion "2"]
[SourceVersionDate "2009.09.16"]
[SourceQuality "1"]

1. d4 d6 2. Nf3 g6 3. c4 Bg7 4. Nc3 Nf6 5. e4 0-0 6. h3 c6 7. Be3 e5 8. d5 Na6 9. Nd2 Bd7 10. Be2 h6 11. g4 cxd5 12. cxd5 Ne8 13. Rg1 Nc5 14. b4 Na6 15. Qb3 Nec7 16. Rg3 b5 17. a3 Qe7 18. Nf3 Rfc8 19. Kd2 Rcb8 20. h4 Ne8 21. h5 g5 22. Ne1 Nac7 23. Nd3 a5 24. bxa5 Rxa5 25. Nb4 Nf6 26. f3 Na6 27. Nxa6 Rxa6 28. Rgg1 Qd8 29. Rgb1 Raa8 30. Qb4 Bf8 31. Nxb5 Ne8 32. a4 Nc7 33. Qc3 Rc8 34. Nxc7 Rxc7 35. Qb4 Qc8 36. Bd3 Be7 37. a5 Bxg4 38. fxg4 Qxg4 39. Rf1 Qxh5 40. a6 g4 41. Rh1 Bh4 42. Qxd6 Rcc8 43. Qxh6 Qxh6 44. Bxh6 1-0

[Event "Novosibirsk Region-ch final"]
[Site "Novosibirsk"]
[Date "2008.12.13"]
[Round "9"]
[White "Reshetnikov, Vasily"]
[Black "Novichkov, Vladimir"]
[Result "1-0"]
[WhiteElo "2126"]
[BlackElo "2146"]
[PlyCount "41"]
[EventDate "2008.12.05"]
[EventType "swiss"]
[EventRounds "9"]
[EventCountry "RUS"]
[SourceTitle "EXT 2010"]
[Source "ChessBase"]
[SourceDate "2010.11.25"]
[SourceVersion "1"]
[SourceVersionDate "2010.11.25"]
[SourceQuality "1"]

1. d4 Nf6 2. c4 e6 3. Nc3 Bb4 4. e3 0-0 5. Bd3 d5 6. Nge2 b6 7. cxd5 exd5 8. 0-0 Bb7 9. Bd2 Bd6 10. f3 c5 11. Qe1 Nc6 12. Qh4 Nb4 13. Bb1 Ba6 14. Rd1 g6 15. e4 Be7 16. Bg5 Nc6 17. exd5 Nxd4 18. Nxd4 cxd4 19. Rxd4 h6 20. Qxh6 Ng4 21. Rxg4 1-0

[Event "Novosibirsk Region-ch final"]
[Site "Novosibirsk"]
[Date "2008.12.12"]
[Round "8"]
[White "Giljazitdinov, Eduard"]
[Black "Reshetnikov, Vasily"]
[Result "0-1"]
[WhiteElo "2184"]
[BlackElo "2126"]
[PlyCount "91"]
[EventDate "2008.12.05"]
[EventType "swiss"]
[EventRounds "9"]
[EventCountry "RUS"]
[SourceTitle "EXT 2010"]
[Source "ChessBase"]
[SourceDate "2010.11.25"]
[SourceVersion "1"]
[SourceVersionDate "2010.11.25"]
[SourceQuality "1"]

1. e4 Nf6 2. e5 Nd5 3. d4 d6 4. c4 Nb6 5. Nf3 Bg4 6. exd6 exd6 7. h3 Bh5 8. Be2 Be7 9. 0-0 Nc6 10. Bf4 Bf6 11. Nc3 0-0 12. g4 Bg6 13. Qd2 h6 14. Be3 d5 15. c5 Nc4 16. Bxc4 dxc4 17. Rad1 Bd3 18. Rfe1 Nxd4 19. Nxd4 Bxd4 20. b3 Bxe3 21. Rxe3 Qh4 22. bxc4 Bxc4 23. Qd4 Be6 24. Qf4 Qe7 25. Re5 Rfd8 26. Rde1 Rd3 27. Nd5 Qd8 28. Ne3 Qh4 29. Rh5 Qd8 30. g5 Rd4 31. Qg3 hxg5 32. Rxg5 Qf6 33. Kh2 Rd2 34. Kg1 Rxf2 35. Rxg7+ Qxg7 36. Kxf2 Qxg3+ 37. Kxg3 Bxa2 38. Rg1 Be6 39. Kf4+ Kh7 40. Rb1 b6 41. cxb6 axb6 42. h4 Ra4+ 43. Kg5 Re4 44. Nf1 Rg4+ 45. Kh5 Rg1 46. Rc1 0-1

[Event "Novosibirsk Region-ch final"]
[Site "Novosibirsk"]
[Date "2008.12.09"]
[Round "5"]
[White "Ragozin, Andrei"]
[Black "Reshetnikov, Vasily"]
[Result "0-1"]
[WhiteElo "2046"]
[BlackElo "2126"]
[PlyCount "52"]
[EventDate "2008.12.05"]
[EventType "swiss"]
[EventRounds "9"]
[EventCountry "RUS"]
[SourceTitle "EXT 2010"]
[Source "ChessBase"]
[SourceDate "2010.11.25"]
[SourceVersion "1"]
[SourceVersionDate "2010.11.25"]
[SourceQuality "1"]

1. d4 Nf6 2. c4 g6 3. Nc3 d5 4. e3 Bg7 5. Nf3 0-0 6. Bd2 e6 7. Qb3 Nc6 8. cxd5 exd5 9. Bd3 b6 10. Rc1 Bb7 11. Ne2 Ne4 12. 0-0 g5 13. Ng3 g4 14. Bxe4 dxe4 15. Ne1 Ne7 16. Nc2 Re8 17. Rfd1 a5 18. Nh5 Nd5 19. Nxg7 Kxg7 20. Na3 Re6 21. g3 Rh6 22. Nb5 Qg5 23. Kg2 Ba6 24. h4 gxh3+ 25. Kh2 Qf5 26. f4 Qg4 0-1

[Event "Novosibirsk Region-ch final"]
[Site "Novosibirsk"]
[Date "2008.12.07"]
[Round "3"]
[White "Kuznetsov, Evgeny"]
[Black "Reshetnikov, Vasily"]
[Result "1-0"]
[WhiteElo "2168"]
[BlackElo "2126"]
[PlyCount "73"]
[EventDate "2008.12.05"]
[EventType "swiss"]
[EventRounds "9"]
[EventCountry "RUS"]
[SourceTitle "EXT 2010"]
[Source "ChessBase"]
[SourceDate "2010.11.25"]
[SourceVersion "1"]
[SourceVersionDate "2010.11.25"]
[SourceQuality "1"]

1. d4 Nf6 2. c4 g6 3. Nc3 d5 4. Nf3 Bg7 5. Qb3 dxc4 6. Qxc4 0-0 7. e4 Na6 8. Be2 c5 9. d5 e6 10. 0-0 exd5 11. exd5 Bf5 12. Bf4 Re8 13. Rae1 Nb4 14. d6 Qa5 15. Ng5 Rf8 16. a3 Nc6 17. Bd1 Nd4 18. Re7 b5 19. Qxc5 Nd7 20. Qd5 Nb6 21. Qa2 Nc4 22. Nf3 Ne6 23. Bg3 Nxb2 24. Nd5 Bd3 25. Be5 Bxe5 26. Nxe5 Bxf1 27. Nf6+ Kh8 28. Qxb2 Qe1 29. h4 Qxd1 30. Nxf7+ Rxf7 31. Rxf7 Ng7 32. Rxg7 Bc4+ 33. Kh2 Kxg7 34. Ne8+ Kh6 35. Qg7+ Kh5 36. Nf6+ Kxh4 37. Qh6+ 1-0

[Event "Novosibirsk Region-ch final"]
[Site "Novosibirsk"]
[Date "2008.12.06"]
[Round "2"]
[White "Reshetnikov, Vasily"]
[Black "Survilo, Viktoria"]
[Result "1-0"]
[WhiteElo "2126"]
[BlackElo "1899"]
[PlyCount "57"]
[EventDate "2008.12.05"]
[EventType "swiss"]
[EventRounds "9"]
[EventCountry "RUS"]
[SourceTitle "EXT 2010"]
[Source "ChessBase"]
[SourceDate "2010.11.25"]
[SourceVersion "1"]
[SourceVersionDate "2010.11.25"]
[SourceQuality "1"]

1. d4 d5 2. c4 c6 3. Nf3 Nf6 4. e3 Bf5 5. Nc3 e6 6. Nh4 Bg6 7. Bd2 Bd6 8. Nxg6 hxg6 9. Bd3 Nbd7 10. f4 Nh5 11. Qg4 Nhf6 12. Qf3 Be7 13. 0-0-0 Qc7 14. Kb1 Bb4 15. cxd5 exd5 16. Nb5 cxb5 17. Bxb4 a5 18. Bd2 b4 19. g4 Qc6 20. Rc1 Qe6 21. f5 gxf5 22. Bxf5 Qe7 23. Rc7 b6 24. Rhc1 0-0 25. g5 Ne4 26. Be1 Nxg5 27. Qxd5 Nf6 28. Qxa8 Qxe3 29. Rc8 1-0

[Event "SibFR-ch U18"]
[Site "Tomsk"]
[Date "2008.11.09"]
[Round "9"]
[White "Reshetnikov, Vasily"]
[Black "Sviridov, Valery"]
[Result "0-1"]
[WhiteElo "2126"]
[BlackElo "2141"]
[PlyCount "79"]
[EventDate "2008.11.01"]
[EventType "swiss"]
[EventRounds "9"]
[EventCountry "RUS"]
[SourceTitle "EXT 2022"]
[Source "ChessBase"]
[SourceDate "2021.10.06"]
[SourceVersion "1"]
[SourceVersionDate "2021.10.06"]
[SourceQuality "1"]

1. e4 Nf6 2. e5 Nd5 3. Nc3 e6 4. Nxd5 exd5 5. d4 d6 6. Nf3 Be7 7. Bd3 Nc6 8. c3 Bg4 9. Bf4 Qd7 10. Qb3 Bxf3 11. gxf3 0-0-0 12. 0-0-0 dxe5 13. dxe5 Qh3 14. Bg3 h5 15. Qc2 g6 16. Bf1 Qe6 17. h4 Kb8 18. Bh3 f5 19. exf6 Qxf6 20. Rhe1 Qxf3 21. Re3 Qf6 22. Re6 Qf8 23. Rxg6 Bxh4 24. Bh2 Qxf2 25. Rg7 Qxc2+ 26. Kxc2 Be7 27. Re1 Bd6 28. Bxd6 Rxd6 29. b4 a6 30. a4 h4 31. Rf1 d4 32. Rff7 d3+ 33. Kd2 Re8 34. Bg4 Ne5 35. Rf4 Nxg4 36. Rfxg4 h3 37. Rh4 Re2+ 38. Kd1 h2 39. Rd4 Rxd4 40. cxd4 0-1

[Event "SibFR-ch U18"]
[Site "Tomsk"]
[Date "2008.11.07"]
[Round "7"]
[White "Dolsonov, Ayusha"]
[Black "Reshetnikov, Vasily"]
[Result "1-0"]
[WhiteElo "2173"]
[BlackElo "2126"]
[PlyCount "109"]
[EventDate "2008.11.01"]
[EventType "swiss"]
[EventRounds "9"]
[EventCountry "RUS"]
[SourceTitle "EXT 2022"]
[Source "ChessBase"]
[SourceDate "2021.10.06"]
[SourceVersion "1"]
[SourceVersionDate "2021.10.06"]
[SourceQuality "1"]

1. e4 Nf6 2. e5 Nd5 3. d4 d6 4. c4 Nb6 5. Nf3 Bg4 6. Be2 dxe5 7. Nxe5 Bxe2 8. Kxe2 N8d7 9. b3 e6 10. Be3 Nxe5 11. dxe5 Qh4 12. Qd4 Qh5+ 13. g4 Qg6 14. Nc3 Bb4 15. Rac1 Bxc3 16. Rxc3 Rd8 17. Qf4 0-0 18. h4 f5 19. Rg1 fxg4 20. Qxg4 Qxg4+ 21. Rxg4 Rd7 22. Rg5 Nc8 23. Bc5 Rf4 24. h5 b6 25. Be3 Rh4 26. c5 Ne7 27. Rc4 Rh1 28. c6 Rd5 29. Rcg4 Nf5 30. Rxg7+ Nxg7 31. h6 Ra1 32. Rxg7+ Kh8 33. a4 Ra2+ 34. Kf3 Rc2 35. Rxc7 Kg8 36. Rg7+ Kf8 37. c7 Rxe5 38. Rxh7 Rf5+ 39. Kg4 Kg8 40. Rd7 Rf7 41. Rd8+ Rf8 42. h7+ Kxh7 43. Rxf8 Rxc7 44. Ra8 Kg6 45. Bf4 Rd7 46. Be3 Kf6 47. a5 bxa5 48. Rxa7 Rd5 49. Rb7 Ke5 50. Kf3 Kd6 51. Ke4 Kc6 52. Rb6+ Kd7 53. f4 Rh5 54. Bd4 Rh1 55. Kf3 1-0

[Event "SibFR-ch U18"]
[Site "Tomsk"]
[Date "2008.11.05"]
[Round "5"]
[White "Dzhumagaliev, Yan"]
[Black "Reshetnikov, Vasily"]
[Result "1-0"]
[WhiteElo "2303"]
[BlackElo "2126"]
[PlyCount "115"]
[EventDate "2008.11.01"]
[EventType "swiss"]
[EventRounds "9"]
[EventCountry "RUS"]
[SourceTitle "EXT 2022"]
[Source "ChessBase"]
[SourceDate "2021.10.06"]
[SourceVersion "1"]
[SourceVersionDate "2021.10.06"]
[SourceQuality "1"]

1. Nf3 Nf6 2. c4 g6 3. d4 Bg7 4. g3 d5 5. cxd5 Nxd5 6. Bg2 0-0 7. 0-0 Nc6 8. Nc3 Nxc3 9. bxc3 e5 10. Ba3 Re8 11. d5 Na5 12. Nd2 b6 13. e4 c5 14. Qe2 Nb7 15. c4 Nd6 16. Bb2 Rb8 17. a4 Ba6 18. Rfc1 Bh6 19. Bc3 Qd7 20. Bf1 Re7 21. Rc2 Qe8 22. Qe1 Bc8 23. a5 f5 24. axb6 axb6 25. f3 Bd7 26. Rb2 fxe4 27. Nxe4 Nxe4 28. fxe4 Bc8 29. Rba2 Reb7 30. Qe2 Qe7 31. Qd3 Qd6 32. Ra8 Bd7 33. Qf3 Kg7 34. Be2 Rxa8 35. Rxa8 Rb8 36. Rxb8 Qxb8 37. Qf1 Be3+ 38. Kh1 Bd4 39. Bd2 Qd6 40. h4 h6 41. Qc1 g5 42. hxg5 hxg5 43. Bxg5 Qg6 44. Bf3 Bg4 45. Bg2 Be2 46. Bh4 Bd3 47. Kh2 Bxe4 48. Qg5 Qxg5 49. Bxg5 Bf5 50. d6 Kf7 51. Bc6 Kg6 52. Bh4 b5 53. Be4 Bxe4 54. d7 bxc4 55. d8Q c3 56. Qf6+ Kh7 57. Bg5 Bg6 58. Qf8 1-0

[Event "SibFR-ch U18"]
[Site "Tomsk"]
[Date "2008.11.04"]
[Round "4"]
[White "Reshetnikov, Vasily"]
[Black "Kuzmin, Nikolai"]
[Result "1-0"]
[WhiteElo "2126"]
[BlackElo "2074"]
[PlyCount "99"]
[EventDate "2008.11.01"]
[EventType "swiss"]
[EventRounds "9"]
[EventCountry "RUS"]
[SourceTitle "EXT 2022"]
[Source "ChessBase"]
[SourceDate "2021.10.06"]
[SourceVersion "1"]
[SourceVersionDate "2021.10.06"]
[SourceQuality "1"]

1. d4 Nf6 2. Nf3 g6 3. g3 Bg7 4. Bg2 0-0 5. 0-0 d6 6. a4 Bd7 7. Nc3 Qc8 8. Re1 Bh3 9. Bh1 Nc6 10. a5 a6 11. e4 e5 12. dxe5 dxe5 13. Bg5 h6 14. Bxf6 Bxf6 15. Nd5 Bg7 16. c3 Kh7 17. b4 f5 18. exf5 Qxf5 19. Ne3 Qf7 20. Qc2 Bf5 21. Nxf5 Qxf5 22. Ra2 Rad8 23. Nh4 Qxc2 24. Rxc2 Bf6 25. Nf3 Rd7 26. Nd2 Rfd8 27. Nc4 Rd1 28. Kf1 Kg7 29. Ke2 Rxe1+ 30. Kxe1 Rd3 31. Be4 Rd8 32. Rd2 Rxd2 33. Kxd2 h5 34. Kd3 g5 35. f3 Kf7 36. Bd5+ Ke7 37. Ke4 Nd8 38. Nxe5 c6 39. Bc4 Kd6 40. f4 h4 41. Kf5 hxg3 42. hxg3 gxf4 43. Kxf6 fxg3 44. Bf1 c5 45. Bg2 cxb4 46. cxb4 Nc6 47. Nxc6 bxc6 48. Kf5 c5 49. b5 Kc7 50. b6+ 1-0

[Event "SibFR-ch U18"]
[Site "Tomsk"]
[Date "2008.11.02"]
[Round "2"]
[White "Reshetnikov, Vasily"]
[Black "Rozhkov, Dmitry"]
[Result "1-0"]
[WhiteElo "2126"]
[BlackElo "1988"]
[PlyCount "115"]
[EventDate "2008.11.01"]
[EventType "swiss"]
[EventRounds "9"]
[EventCountry "RUS"]
[SourceTitle "EXT 2022"]
[Source "ChessBase"]
[SourceDate "2021.10.06"]
[SourceVersion "1"]
[SourceVersionDate "2021.10.06"]
[SourceQuality "1"]

1. d4 e6 2. c4 Nf6 3. Nc3 d5 4. Bg5 Be7 5. e3 h6 6. Bh4 0-0 7. Bd3 b6 8. cxd5 Nxd5 9. Bg3 c5 10. Nf3 Nc6 11. 0-0 cxd4 12. exd4 Bb7 13. Rc1 Nxc3 14. bxc3 Bd6 15. Qe2 Bxg3 16. fxg3 Qe7 17. Qe4 f5 18. Qe3 Rae8 19. Rce1 Qa3 20. Bc4 Ba6 21. Bxe6+ Kh8 22. Nh4 Rf6 23. d5 Bxf1 24. Rxf1 Nd8 25. Rxf5 Rxf5 26. Nxf5 Nxe6 27. dxe6 Qc5 28. Nd4 b5 29. h4 a5 30. Kh2 b4 31. cxb4 axb4 32. Qe4 Qc4 33. Qg6 Re7 34. Qf5 Kg8 35. Qe5 Qc7 36. Qd5 Re8 37. Nf5 Kh7 38. h5 g6 39. hxg6+ Kxg6 40. Nh4+ Kf6 41. Qf5+ Ke7 42. Ng6+ Kd8 43. Qe4 Qa5 44. Qd4+ Kc7 45. Qd7+ Kb6 46. Qxe8 Qh5+ 47. Kg1 Qd1+ 48. Kf2 Qd2+ 49. Kf3 Qd3+ 50. Kf4 Qd2+ 51. Ke5 Qb2+ 52. Kf5 Qxa2 53. Qb8+ Kc5 54. Qe5+ Kc6 55. Ne7+ Kb6 56. Qd6+ Ka5 57. Qd5+ Qxd5+ 58. Nxd5 1-0

[Event "SibFR-ch U18"]
[Site "Tomsk"]
[Date "2008.11.01"]
[Round "1"]
[White "Gorbachev, Andrey"]
[Black "Reshetnikov, Vasily"]
[Result "0-1"]
[WhiteElo "101"]
[BlackElo "2126"]
[PlyCount "104"]
[EventDate "2008.11.01"]
[EventType "swiss"]
[EventRounds "9"]
[EventCountry "RUS"]
[SourceTitle "EXT 2022"]
[Source "ChessBase"]
[SourceDate "2021.10.06"]
[SourceVersion "1"]
[SourceVersionDate "2021.10.06"]
[SourceQuality "1"]

1. e4 d5 2. exd5 Nf6 3. Bb5+ Bd7 4. Bxd7+ Qxd7 5. Nc3 Nxd5 6. Nxd5 Qxd5 7. Nf3 Qe4+ 8. Qe2 Qxc2 9. 0-0 Nc6 10. Qb5 0-0-0 11. d4 e6 12. Qg5 Be7 13. Qf4 Bf6 14. Be3 Qf5 15. Qxf5 exf5 16. Rad1 Rd5 17. Rd2 h6 18. h4 Nd8 19. g3 Ne6 20. Rfd1 g5 21. hxg5 hxg5 22. Rd3 Rhd8 23. b4 g4 24. Ne1 Nxd4 25. Kg2 c6 26. a3 Nb5 27. Rxd5 Rxd5 28. Rxd5 cxd5 29. a4 Nc3 30. Bxa7 Nxa4 31. Be3 d4 32. Bc1 Kd7 33. Kf1 Ke6 34. Ke2 Nc3+ 35. Kd3 Ne4 36. Ke2 Kd5 37. Nd3 Kc4 38. Bf4 Nc3+ 39. Kd2 b6 40. Kc2 Ne4 41. Bc7 b5 42. Ba5 Bg7 43. Nb2+ Kd5 44. Nd3 Bh6 45. Bc7 f6 46. Bd8 Bf8 47. Ba5 Bd6 48. Bd8 Be5 49. Bb6 Nc3 50. Kd2 Ke4 51. Ne1 f4 52. gxf4 Bxf4+ 0-1

[Event "Novosibirsk Sukharev Memorial op"]
[Site "Novosibirsk"]
[Date "2008.07.23"]
[Round "?"]
[White "Reshetnikov, Vasily"]
[Black "Loginov, Vladislav"]
[Result "1/2-1/2"]
[WhiteElo "2114"]
[BlackElo "2106"]
[PlyCount "67"]
[EventDate "2008.07.20"]
[EventType "swiss"]
[EventRounds "9"]
[EventCountry "RUS"]
[SourceTitle "EXT 2022"]
[Source "ChessBase"]
[SourceDate "2021.10.06"]
[SourceVersion "1"]
[SourceVersionDate "2021.10.06"]
[SourceQuality "1"]

1. c4 Nf6 2. Nc3 e5 3. Nf3 Nc6 4. d3 Bc5 5. e3 0-0 6. Be2 Re8 7. 0-0 d6 8. b3 a6 9. Bb2 Bg4 10. h3 Bh5 11. a3 Nd7 12. Nd5 Ne7 13. d4 exd4 14. Nxd4 Bxe2 15. Qxe2 Nxd5 16. cxd5 Qg5 17. Qf3 Ne5 18. Qf5 Qxf5 19. Nxf5 g6 20. Nd4 Bb6 21. Rfd1 Nd7 22. Rac1 Nc5 23. b4 Nd7 24. Nb3 Re7 25. Bd4 Bxd4 26. Rxd4 Nf6 27. Kf1 Kf8 28. Ke2 Ke8 29. Na5 Rb8 30. f3 Nh5 31. g4 Ng7 32. Re4 Rxe4 33. fxe4 Kd7 34. Rf1 1/2-1/2

[Event "Novosibirsk Sukharev Memorial op"]
[Site "Novosibirsk"]
[Date "2008.07.21"]
[Round "?"]
[White "Reshetnikov, Vasily"]
[Black "Dergilev, Igor"]
[Result "1-0"]
[WhiteElo "2114"]
[BlackElo "2239"]
[PlyCount "77"]
[EventDate "2008.07.20"]
[EventType "swiss"]
[EventRounds "9"]
[EventCountry "RUS"]
[SourceTitle "EXT 2022"]
[Source "ChessBase"]
[SourceDate "2021.10.06"]
[SourceVersion "1"]
[SourceVersionDate "2021.10.06"]
[SourceQuality "1"]

1. c4 g6 2. Nc3 Bg7 3. Nf3 e5 4. e3 d6 5. d4 Nc6 6. Be2 f5 7. dxe5 Nxe5 8. 0-0 Be6 9. Nd4 Bf7 10. e4 Qd7 11. exf5 gxf5 12. Re1 Kf8 13. Nd5 c6 14. Nf4 Re8 15. Be3 Nf6 16. Qc2 Bg6 17. h3 Kf7 18. h4 h5 19. Rad1 Re7 20. Nf3 Nxf3+ 21. Bxf3 Rhe8 22. Qa4 a6 23. Qb4 c5 24. Qb6 Rd8 25. Nd5 Nxd5 26. Bxd5+ Kf8 27. Bf4 Bd4 28. Kf1 Bf7 29. Rxe7 Qxe7 30. Bg5 Bf6 31. Re1 Bxg5 32. Rxe7 Bxe7 33. Qxb7 a5 34. Bxf7 Kxf7 35. Qa7 Rg8 36. Qxa5 Bxh4 37. Qd2 Bf6 38. Qxd6 Rd8 39. Qxc5 1-0

[Event "Novosibirsk April op"]
[Site "Novosibirsk"]
[Date "2008.04.10"]
[Round "6"]
[White "Reshetnikov, Vasily"]
[Black "Yakushev, Nikolai"]
[Result "1/2-1/2"]
[WhiteElo "2069"]
[BlackElo "2160"]
[PlyCount "60"]
[EventDate "2008.04.05"]
[EventType "swiss"]
[EventRounds "9"]
[EventCountry "RUS"]
[SourceTitle "EXT 2010"]
[Source "ChessBase"]
[SourceDate "2010.11.25"]
[SourceVersion "1"]
[SourceVersionDate "2010.11.25"]
[SourceQuality "1"]

1. d4 Nf6 2. c4 e6 3. Nc3 Bb4 4. e3 0-0 5. Bd3 d5 6. Nge2 Nbd7 7. 0-0 dxc4 8. Bxc4 c5 9. a3 cxd4 10. exd4 Be7 11. Qd3 a6 12. Bg5 b5 13. Ba2 Bb7 14. Rad1 Nb6 15. Nf4 Nfd5 16. Bb1 g6 17. Bh6 Nxf4 18. Bxf4 Nd5 19. Bh6 Re8 20. Ne4 Nf6 21. Nc5 Bd5 22. Rfe1 Bd6 23. Qh3 Nh5 24. Be4 Bf4 25. Bxf4 Nxf4 26. Qf3 Bxe4 27. Qxf4 Bd5 28. Re3 Kg7 29. Rh3 h5 30. Rc1 Qf6 1/2-1/2

[Event "Novosibirsk April op"]
[Site "Novosibirsk"]
[Date "2008.04.07"]
[Round "3"]
[White "Korobkin, Maxim"]
[Black "Reshetnikov, Vasily"]
[Result "1-0"]
[WhiteElo "2357"]
[BlackElo "2069"]
[PlyCount "127"]
[EventDate "2008.04.05"]
[EventType "swiss"]
[EventRounds "9"]
[EventCountry "RUS"]
[SourceTitle "EXT 2010"]
[Source "ChessBase"]
[SourceDate "2010.11.25"]
[SourceVersion "1"]
[SourceVersionDate "2010.11.25"]
[SourceQuality "1"]

1. c4 Nf6 2. Nc3 d5 3. cxd5 Nxd5 4. g3 g6 5. Bg2 c6 6. Nxd5 cxd5 7. Qa4+ Nc6 8. Nf3 Bg7 9. 0-0 0-0 10. d3 Qd6 11. Qh4 Rd8 12. e4 dxe4 13. dxe4 Nd4 14. Bg5 Bf6 15. Rfd1 Nxf3+ 16. Bxf3 Qb6 17. Rxd8+ Qxd8 18. Bxf6 exf6 19. e5 Kg7 20. Rd1 Qe7 21. exf6+ Qxf6 22. Qxf6+ Kxf6 23. Rd8 Ke7 24. Rh8 Kd6 25. Bg4 Kc7 26. Bxc8 Rxc8 27. Rxh7 Rf8 28. h4 Kd6 29. h5 gxh5 30. Kg2 Ke6 31. Rxh5 Rc8 32. Rb5 b6 33. g4 Rc4 34. Kg3 Rc1 35. Rb3 Ra1 36. Re3+ Kf6 37. a3 Rb1 38. Re2 Rc1 39. Rd2 Kg6 40. Rd6+ f6 41. f4 Rg1+ 42. Kf3 Rf1+ 43. Ke3 Re1+ 44. Kf2 Rb1 45. b4 Rb2+ 46. Kg3 Rb3+ 47. Kh4 Rxa3 48. g5 Rb3 49. Rxf6+ Kg7 50. Rc6 Rxb4 51. Kg4 a5 52. Kf5 Rb5+ 53. Ke6 Kg6 54. Ke7+ Kg7 55. Ke6 Kg6 56. Rc8 a4 57. Rg8+ Kh7 58. Ra8 Ra5 59. Rxa5 bxa5 60. Kf7 a3 61. g6+ Kh6 62. g7 a2 63. g8Q a1Q 64. Qg6# 1-0

[Event "Novosibirsk Sibiria op-C"]
[Site "Novosibirsk"]
[Date "2007.07.24"]
[Round "4"]
[White "Makarevich, Julia"]
[Black "Reshetnikov, Vasily"]
[Result "1/2-1/2"]
[WhiteElo "1938"]
[BlackElo "2044"]
[PlyCount "102"]
[EventDate "2007.07.21"]
[EventType "swiss"]
[EventRounds "9"]
[EventCountry "RUS"]
[SourceTitle "EXT 2008"]
[Source "ChessBase"]
[SourceDate "2007.11.25"]
[SourceVersion "1"]
[SourceVersionDate "2007.11.25"]
[SourceQuality "1"]

1. Nf3 Nf6 2. c4 g6 3. Nc3 d5 4. cxd5 Nxd5 5. Qa4+ Bd7 6. Qh4 Nf6 7. e4 Bg7 8. d4 Bg4 9. Be3 Bxf3 10. gxf3 0-0 11. Bg2 c6 12. 0-0 Nbd7 13. Rad1 Qc7 14. e5 Nd5 15. Nxd5 cxd5 16. Qxe7 Rfe8 17. Qa3 Nb6 18. b3 Qd7 19. Rc1 Bf8 20. Qa5 Rec8 21. Rxc8 Qxc8 22. Rc1 Qd7 23. f4 h5 24. Kh1 Be7 25. Qd2 Rc8 26. Rxc8+ Qxc8 27. Qc1 Qc6 28. Bh3 f5 29. Bf1 Kf7 30. a4 Bb4 31. Kg2 Qxc1 32. Bxc1 a6 33. Kf3 Nd7 34. Ke3 Nb8 35. Bd2 Be7 36. b4 Ke6 37. b5 Bd8 38. bxa6 bxa6 39. Bb4 Bc7 40. Bc5 Kd7 41. Kd2 Ba5+ 42. Ke3 Bc7 43. Bg2 Ke6 44. Bf1 Kd7 45. Bd3 Ke6 46. Ke2 Kd7 47. Kd1 Ke6 48. Kc2 Kd7 49. Kc3 Ba5+ 50. Bb4 Bc7 51. Bc5 Ba5+ 1/2-1/2

[Event "Novosibirsk CC-ch"]
[Site "Novosibirsk"]
[Date "2007.01.24"]
[Round "8"]
[White "Tsygankov, Dmitry"]
[Black "Reshetnikov, Vasily"]
[Result "1/2-1/2"]
[WhiteElo "2073"]
[BlackElo "100"]
[PlyCount "50"]
[EventDate "2007.01.14"]
[EventType "swiss"]
[EventRounds "11"]
[EventCountry "RUS"]
[SourceTitle "EXT 2010"]
[Source "ChessBase"]
[SourceDate "2010.11.25"]
[SourceVersion "1"]
[SourceVersionDate "2010.11.25"]
[SourceQuality "1"]

1. d4 Nf6 2. Nf3 g6 3. c4 d5 4. Nc3 Bg7 5. Bg5 Ne4 6. Bh4 Nxc3 7. bxc3 c5 8. e3 Nc6 9. Be2 0-0 10. 0-0 cxd4 11. cxd4 b6 12. Rc1 dxc4 13. Bxc4 Bb7 14. Ng5 Na5 15. Bd3 Qd7 16. Qe2 Rac8 17. Nf3 Rxc1 18. Rxc1 Rc8 19. Rxc8+ Bxc8 20. Bb5 Qc7 21. h3 Be6 22. Bg3 Qc1+ 23. Kh2 Bc4 24. Bxc4 Qxc4 25. Qb2 Nc6 1/2-1/2